Élimination par catégorie - Clubs de Ligue 1 & Ligue 2 - Statistiques

Statistiques générales
  • Ce quiz a été pris 1 282 fois
  • Le résultat moyen est 14 sur 20
Statistiques - réponses
Groupe # Catégorie % Correct
Vert 14 Club ayant gagné la Ligue 1 après 1945
99%
Vert 10 ... qui se situe plus au Sud que Paris
97%
Vert 7 ... qui contient la lettre A dans le nom de sa ville
96%
Bleu 11 ... qui pas connu la relégation en Ligue 1 depuis 5 ans
89%
Violet 36 Club présent en Ligue 1 ou Ligue 2 pour la saison 2024-2025
88%
Orange 18 Club évoluant en Ligue 2 lors de la saison 2023-2024
87%
Orange 14 ... qui a déjà évolué en Ligue 1
86%
Violet 18 ... a déjà été champion de Ligue 2 après 1992
85%
Bleu 5 ... dont la ville du club a une population de moins de 300 000 habitants en 2021
82%
Orange 9 ... et qui contient la lettre E
80%
Violet 10 ... et commence par une lettre qui se situe après la 17ème lettre de l'alphabet
78%
Vert 3 ... qui a un stade de moins de 30 000 places
77%
Bleu 3 ... et qui se ne situe pas dans la Région Grand-Est
76%
Orange 7 ... dont son logo actuel contient du bleu
74%
Bleu 2 ... dont le logo actuel n'est pas composé de noir
65%
Bleu 1 ... qui ne se situe pas en France Monaco
64%
Orange 1 ... et qui est un club Isérois Grenoble
50%
Vert 1 ... possédant une cigogne sur son logo Strasbourg
35%
Violet 3 ...fondé avant 1922 mais après 1918
28%
Violet 1 ... et qui n'a fait que 3 saisons en Ligue 1 dans son histoire Martigues
3%
Aucun quiz correspondant
Distribution des résultats
% des personnes avec chaque résultat
Percentile par nombre de réponses
Votre historique - résultats
Vous n’avez pas pris ce quiz